| 000 | 00541nam a2200193 a 4500 | ||
|---|---|---|---|
| 005 | 20210219152852.0 | ||
| 008 | 991125n 000 0 spa u | ||
| 035 | _aUPN01000064248 | ||
| 100 | _aMOLINAR HORCASITAS, Juan | ||
| 222 | _aUNIVERSIDAD FUTURA | ||
| 245 | _aAntecedentes normativos de la autonomÃa universitaria | ||
| 300 | _a78-92 | ||
| 362 | _a1989 Vol.1 no. 2, jun. | ||
| 653 | 0 | _aAUTONOMIA UNIVERSITARIA | |
| 653 | 0 | _aEDUCACION SUPERIOR | |
| 653 | 0 | _aLEGISLACION EDUCATIVA | |
| 904 |
_aAC _b002059 |
||
| 905 | _aArticulo | ||
| 999 |
_c62496 _d62496 |
||